Na dlažbu dajú kamene z Hornádu Košice

Bibliographic Details
Format: Article
Language:Slovak
PhysicalDescription:Fotogr.
ISSN:1335-4655
Subjects:

MARC

LEADER 00000nab a2200000 ar4500
001 vtls009088384
003 SK-MaSNL
005 20260303063617.0
008 070821c20070627xo mr|p|||||||000 b|slo
038 |a SNSK 
040 |b slo  |c SNSK  |e AACR2 
041 |a slo 
044 |a xo  |c SK 
080 |a 693.75  |2 2001 
080 |a 726.6  |x (437.6)  |2 2001 
245 0 0 |a Na dlažbu dajú kamene z Hornádu  |b Košice  |c [autor](hkl) 
300 |b Fotogr. 
610 2 7 |a Dóm sv. Alžbety (Košice, Slovensko)  |2 snsk  |9 34070 
650 0 7 |a dlažby  |2 snsk  |9 59162 
651 7 |a Košice (Slovensko)  |2 snsk  |9 18694 
773 0 |t Nový Čas  |g Roč. 17, č. 147 (27.6.2007), s. 9  |x 1335-4655 
852 |a SNSK  |b KIS3GCP 
999 |c 1743713  |d 1745643